Online
Catalog

La nueva dramaturgia mexicana / (Record no. 10004)

MARC details
000 -CABECERA
campo de control de longitud fija 01260cam a2200253 a 4500
001 - NÚMERO DE CONTROL
campo de control 000010245
005 - FECHA Y HORA DE LA ÚLTIMA TRANSACCIÓN
campo de control 20200929162217.0
008 - DATOS DE LONGITUD FIJA--INFORMACIÓN GENERAL
campo de control de longitud fija 961009s1996 mx a f001 0 spa
020 ## - NÚMERO INTERNACIONAL ESTÁNDAR DEL LIBRO
Número Internacional Estándar del Libro 9686773282
020 ## - NÚMERO INTERNACIONAL ESTÁNDAR DEL LIBRO
Número Internacional Estándar del Libro 9682982510
040 ## - FUENTE DE LA CATALOGACIÓN
Centro catalogador/agencia de origen DO-SdBNP
Lengua de catalogación spa
Centro/agencia transcriptor LC
Centro/agencia modificador BNPHU
082 ## - NÚMERO DE LA CLASIFICACIÓN DECIMAL DEWEY
Número de clasificación M862.44
Número de documento/Ítem N964d
049 ## - FONDOS LOCALES (OCLC)
Fondos de biblioteca BNGR
245 03 - MENCIÓN DE TÍTULO
Título La nueva dramaturgia mexicana /
Mención de responsabilidad, etc. selección e introducción Vicente Leñero.
260 ## - PUBLICACIÓN, DISTRIBUCIÓN, ETC.
Lugar de publicación, distribución, etc. México, D. F. :
Nombre del editor, distribuidor, etc. El Milagro :
-- Consejo Nacional para la Cultura y las Artes,
Fecha de publicación, distribución, etc. 1996.
300 ## - DESCRIPCIÓN FÍSICA
Extensión 597 p. :
Otras características físicas il. ;
Dimensiones 21 cm.
490 1# - MENCIÓN DE SERIE
Mención de serie Nuestro Teatro
505 0# - NOTA DE CONTENIDO CON FORMATO
Nota de contenido con formato Introducción. Vicente Leñero -- Playa azul. Víctor Hugo Rascón Banda -- Crónica de un desayuno. Jesús González Dávila -- Trabajo sucio. Leonor Azcárate -- Cupo limitado. Tomás Urusástegui -- Muerte súbita. Sabina Berman -- Travesía guadalupana. Miguel Ángel Tenorio -- El jinete de la divina providencia. Óscar Liera -- Por las tierras de Colón. Guillermo Schmidhuber -- Los heraldos negros. Gerardo Velásquez.
650 #4 - PUNTO DE ACCESO ADICIONAL DE MATERIA--TÉRMINO DE MATERIA
Término de materia o nombre geográfico como elemento de entrada Drama mexicano
Subdivisión cronológica SIGLO XX.
9 (RLIN) 25253
650 #4 - PUNTO DE ACCESO ADICIONAL DE MATERIA--TÉRMINO DE MATERIA
Término de materia o nombre geográfico como elemento de entrada Literatura mexicana
Subdivisión general Historia y crítica
9 (RLIN) 9844
700 1# - PUNTO DE ACCESO ADICIONAL--NOMBRE DE PERSONA
Nombre de persona Leñero, Vicente,
-- introd.
9 (RLIN) 25254
830 #0 - PUNTO DE ACCESO ADICIONAL DE SERIE-TÍTULO UNIFORME
Título uniforme Nuestro Teatro
9 (RLIN) 25255
910 ## - DATOS DE OPCIÓN DEL USUARIO (OCLC)
Datos de opción del usuario Catalogación por copia / LC
Holdings
Estado de retiro Estado de pérdida Restricciones de uso No para préstamo Código de colección Localización permanente Ubicación/localización actual Ubicación en estantería Fecha de adquisición Número de inventario Total de préstamos Signatura topográfica completa Código de barras Fecha visto por última vez Precio válido a partir de Tipo de ítem Koha
    Préstamo interno   Monografías: Libros y Folletos General General En catalogación 05.10.2009 LF1   M862.44 N964d 10245-10 25.06.2020 25.06.2020 Préstamo interno

Powered by Koha